<?xml version="1.0" encoding="UTF-8"?>
<record
    xmlns:xsi="http://www.w3.org/2001/XMLSchema-instance"
    xsi:schemaLocation="http://www.loc.gov/MARC21/slim http://www.loc.gov/standards/marcxml/schema/MARC21slim.xsd"
    xmlns="http://www.loc.gov/MARC21/slim">

  <leader>00758nam a2200217 a 4500</leader>
  <controlfield tag="001">47142</controlfield>
  <controlfield tag="003">BD-RjUL</controlfield>
  <controlfield tag="005">20220602123451.0</controlfield>
  <controlfield tag="008">160807s1968    bg ||||| |||| 00| 0 ben d</controlfield>
  <datafield tag="035" ind1=" " ind2=" ">
    <subfield code="a">(BD-RjUL)47261</subfield>
  </datafield>
  <datafield tag="040" ind1=" " ind2=" ">
    <subfield code="a">BD-RjUL</subfield>
    <subfield code="b">ben</subfield>
    <subfield code="c">BD-RjUL</subfield>
    <subfield code="d">BD-RjUL</subfield>
  </datafield>
  <datafield tag="041" ind1=" " ind2=" ">
    <subfield code="a">ben</subfield>
  </datafield>
  <datafield tag="082" ind1=" " ind2=" ">
    <subfield code="2">23</subfield>
    <subfield code="a">331.128</subfield>
    <subfield code="b">AKO 1968</subfield>
  </datafield>
  <datafield tag="100" ind1=" " ind2=" ">
    <subfield code="a">&#x986;&#x996;&#x9A8;&#x9CD;&#x9A6;, &#x9B8;&#x9BE;&#x9A6;&#x9A4; &#x986;&#x9B2;&#x9C0;</subfield>
    <subfield code="9">143552</subfield>
  </datafield>
  <datafield tag="245" ind1="1" ind2="0">
    <subfield code="a">&#x985;&#x9A8;&#x9CD;&#x9AF; &#x9A6;&#x9BF;&#x9A8; &#x986;&#x9B0;&#x9C7;&#x995; &#x99C;&#x9C0;&#x9AC;&#x9A8; /</subfield>
    <subfield code="c">&#x9B8;&#x9BE;&#x9A6;&#x9A4; &#x986;&#x9B2;&#x9C0; &#x986;&#x996;&#x9A8;&#x9CD;&#x9A6;</subfield>
  </datafield>
  <datafield tag="260" ind1=" " ind2=" ">
    <subfield code="a">&#x9B0;&#x9BE;&#x99C;&#x9B6;&#x9BE;&#x9B9;&#x9C0; :</subfield>
    <subfield code="b">&#x9AE;&#x9BF;&#x9A4;&#x9CD;&#x9B0; &#x9B8;&#x982;&#x998;,</subfield>
    <subfield code="c">&#x9E7;&#x9EF;&#x9EC;&#x9EE;</subfield>
  </datafield>
  <datafield tag="300" ind1=" " ind2=" ">
    <subfield code="a">&#x9EA;&#x9EB;&#x9ED; &#x9AA;&#x9C3;. ;</subfield>
    <subfield code="c">&#x9E8;&#x9EC; &#x9B8;&#x9C7;&#x9AE;&#x9BF;.</subfield>
  </datafield>
  <datafield tag="650" ind1=" " ind2=" ">
    <subfield code="a">&#x995;&#x9B0;&#x9CD;&#x9AE;&#x99A;&#x9BE;&#x9B0;&#x9C0; &#x9AA;&#x9B0;&#x9BF;&#x9B7;&#x9C7;&#x9AC;&#x9BE;</subfield>
    <subfield code="9">143553</subfield>
  </datafield>
  <datafield tag="650" ind1=" " ind2=" ">
    <subfield code="a">Employee Service</subfield>
    <subfield code="9">143554</subfield>
  </datafield>
  <datafield tag="942" ind1=" " ind2=" ">
    <subfield code="2">ddc</subfield>
    <subfield code="c">BK</subfield>
  </datafield>
  <datafield tag="999" ind1=" " ind2=" ">
    <subfield code="c">47142</subfield>
    <subfield code="d">47142</subfield>
  </datafield>
  <datafield tag="952" ind1=" " ind2=" ">
    <subfield code="0">0</subfield>
    <subfield code="1">0</subfield>
    <subfield code="2">ddc</subfield>
    <subfield code="4">0</subfield>
    <subfield code="7">0</subfield>
    <subfield code="8">NFIC</subfield>
    <subfield code="a">RUCL</subfield>
    <subfield code="b">RUCL</subfield>
    <subfield code="c">Stack</subfield>
    <subfield code="d">1969-10-02</subfield>
    <subfield code="e">Sahitykutir</subfield>
    <subfield code="g">8.00</subfield>
    <subfield code="l">0</subfield>
    <subfield code="o">B 331.128 AKO 1968</subfield>
    <subfield code="r">2016-08-07 00:00:00</subfield>
    <subfield code="t">C-2</subfield>
    <subfield code="w">2016-08-07</subfield>
    <subfield code="y">BK</subfield>
  </datafield>
  <datafield tag="952" ind1=" " ind2=" ">
    <subfield code="0">0</subfield>
    <subfield code="1">0</subfield>
    <subfield code="2">ddc</subfield>
    <subfield code="4">0</subfield>
    <subfield code="7">0</subfield>
    <subfield code="8">NFIC</subfield>
    <subfield code="a">RUCL</subfield>
    <subfield code="b">RUCL</subfield>
    <subfield code="c">Stack</subfield>
    <subfield code="d">1969-10-02</subfield>
    <subfield code="e">Sahity kuthir</subfield>
    <subfield code="g">8.00</subfield>
    <subfield code="l">0</subfield>
    <subfield code="o">B 331.128 AKO 1968</subfield>
    <subfield code="r">2016-08-08 00:00:00</subfield>
    <subfield code="t">C-3</subfield>
    <subfield code="w">2016-08-08</subfield>
    <subfield code="y">BK</subfield>
  </datafield>
  <datafield tag="952" ind1=" " ind2=" ">
    <subfield code="0">0</subfield>
    <subfield code="1">0</subfield>
    <subfield code="2">ddc</subfield>
    <subfield code="4">0</subfield>
    <subfield code="7">0</subfield>
    <subfield code="8">NFIC</subfield>
    <subfield code="a">RUCL</subfield>
    <subfield code="b">RUCL</subfield>
    <subfield code="c">Stack</subfield>
    <subfield code="d">1969-10-02</subfield>
    <subfield code="e">Sahity kuthir</subfield>
    <subfield code="g">8.00</subfield>
    <subfield code="l">0</subfield>
    <subfield code="o">B 331.128 AKO 1968</subfield>
    <subfield code="r">2016-08-08 00:00:00</subfield>
    <subfield code="t">C-4</subfield>
    <subfield code="w">2016-08-08</subfield>
    <subfield code="y">BK</subfield>
  </datafield>
  <datafield tag="952" ind1=" " ind2=" ">
    <subfield code="0">0</subfield>
    <subfield code="1">0</subfield>
    <subfield code="2">ddc</subfield>
    <subfield code="4">0</subfield>
    <subfield code="7">1</subfield>
    <subfield code="8">NFIC</subfield>
    <subfield code="a">RUCL</subfield>
    <subfield code="b">RUCL</subfield>
    <subfield code="c">Reading</subfield>
    <subfield code="d">1969-10-02</subfield>
    <subfield code="e">Sahity kuthir</subfield>
    <subfield code="g">8.00</subfield>
    <subfield code="l">0</subfield>
    <subfield code="o">B 331.128 AKO 1968</subfield>
    <subfield code="r">2017-02-04 00:00:00</subfield>
    <subfield code="t">C-1</subfield>
    <subfield code="w">2017-02-04</subfield>
    <subfield code="y">BK</subfield>
  </datafield>
  <datafield tag="952" ind1=" " ind2=" ">
    <subfield code="0">0</subfield>
    <subfield code="1">0</subfield>
    <subfield code="2">ddc</subfield>
    <subfield code="4">0</subfield>
    <subfield code="7">0</subfield>
    <subfield code="8">NFIC</subfield>
    <subfield code="a">RUCL</subfield>
    <subfield code="b">RUCL</subfield>
    <subfield code="c">GEN</subfield>
    <subfield code="d">1969-10-02</subfield>
    <subfield code="e">Sahity kuthir</subfield>
    <subfield code="g">18.00</subfield>
    <subfield code="l">0</subfield>
    <subfield code="o">B 331.128 AKO 1968</subfield>
    <subfield code="r">2022-06-02 00:00:00</subfield>
    <subfield code="t">C-5</subfield>
    <subfield code="w">2022-06-02</subfield>
    <subfield code="y">BK</subfield>
  </datafield>
</record>
